Funny Yet Weirdly Specific Phobias 2nd Edition - Statistics

General Stats
  • This quiz has been taken 2 times
  • The average score is 3 of 15
Answer Stats
Hint Answer % Correct
The number eight Octophobia
100%
American people and culture Americophobia
50%
Creepers from Minecraft Creepophobia
50%
French people and culture Francophobia
50%
Being without your mobile phone or being detached from mobile phone connectivity (no WiFi) Nomophobia
50%
Somewhere, somehow, a duck (or goose) is watching you Anatidaephobia
0%
Peanut butter sticking to the roof of your mouth Arachibutyrophobia
0%
Things to your right Dextrophobia
0%
Being pursued by timber wolves whilst running around a kitchen table wearing socks on a newly waxed floor Luposlipaphobia
0%
Mother-in-laws Pentheraphobia
0%
The color purple Porphyrophobia
0%
Things to your left or left-handed people Sinistrophobia
0%
The number thirteen Triskaidekaphobia
0%
Beautiful women Venustraphobia
0%
The color yellow Xanthophobia
0%
No matching quizzes found
Score Distribution
Percent of People with Each Score
Percentile by Number Answered
Your Score History
You have not taken this quiz